000 00388 a2200157 4500
999 _c278
_d278
008 221021b ||||| |||| 00| 0 eng d
020 _a9789383182107
082 0 0 _a004.16
_bR1651
100 _aRam, B.
245 _aMicroprocessors /
_cB. Ram
250 _a8th ed.
260 _aNew Delhi:
_bDhanpat Rai,
_c2016.
300 _axiv, I-10 p.
650 0 _aMicroprocessors
942 _2ddc
_cBK